Name the Country-Middle East - Statistics

General Stats
  • This quiz has been taken 4 times
  • The average score is 12 of 16
Answer Stats
Picture Answer % Correct
Jordan
100%
Oman
100%
United Arab Emirates
100%
Bahrain
75%
Iran
75%
Iraq
75%
Israel
75%
Kuwait
75%
Lebanon
75%
Qatar
75%
Saudi Arabia
75%
Syria
75%
Turkey
75%
Yemen
75%
Egypt
50%
Palestinian Territories
25%
No matching quizzes found
Score Distribution
Percent of People with Each Score
Percentile by Number Answered
Your Score History
You have not taken this quiz